| 000 | 00423nam a2200109Ia 4500 | ||
|---|---|---|---|
| 008 | 171212s9999 xx 000 0 und d | ||
| 100 | _aMayer, Lauren A.;Arena, Mark V.;McMahon, Michael E. | ||
| 245 |
_cMayer, Lauren A.;Arena, Mark V.;McMahon, Michael E. _aAn Excel Tool to Assess Acquisition Program Risk |
||
| 260 |
_bRAND Corporation _c2013 |
||
| 650 | _aHistory | ||
| 856 | _uhttp://www.jstor.org/stable/10.7249/j.ctt5vjwd6 | ||
| 999 |
_c351726 _d351726 |
||